How to write dissertations & project reports / (Record no. 6823)
[ view plain ]
| 000 -LEADER | |
|---|---|
| fixed length control field | 00908cam a2200205Ia 4500 |
| 020 ## - INTERNATIONAL STANDARD BOOK NUMBER | |
| ISBN | 9780273726937 |
| 020 ## - INTERNATIONAL STANDARD BOOK NUMBER | |
| ISBN | 0273726935 |
| 050 14 - CALL NUMBER | |
| Classification number | PE1479 |
| Item number | .M36 |
| 100 1# - AUTHOR | |
| Personal name | McMillan, Kathleen. |
| 245 10 - TITLE | |
| Title | How to write dissertations & project reports / |
| Statement of responsibility, etc | Kathleen McMillan and Jonathan Weyers. |
| 250 ## - EDITION | |
| Edition statement | Rejacketed edition. |
| 260 ## - PUBLICATION INFORMATION | |
| Place of publication | Harlow |
| Name of publisher | Pearson Education Limited |
| Year of publication | 2010 |
| 300 ## - DESCRIPTION | |
| Number of Pages | xi, 286 pages : |
| Other physical details | illustrations ; |
| Dimensions | 22 cm. |
| 500 ## - NOTES | |
| General note | Originally published: Harlow: Pearson Prentice Hall, 2007. |
| 505 ## - FORMATTED CONTENTS NOTE | |
| Table of Content | Introduction<br/>Planning your search<br/>Finding and Filtering information<br/>Applying research techniques<br/>Working with data and numbers<br/>Addressing issues of plagiarism, referencing and ethics<br/>Writing a first draft<br/>Editing revising and presenting <br/> |
| 650 #0 - SUBJECTS | |
| Topical Term | Dissertations, Academic |
| General subdivision | Authorship. |
| 650 #0 - SUBJECTS | |
| Topical Term | Report writing. |
| 700 1# - OTHER AUTHORS | |
| Personal name | Weyers, Jonathan D. B. |
| 942 ## - ADDED ENTRY ELEMENTS (KOHA) | |
| Koha item type | Books |
| Withdrawn status | Lost status | Home library | Current library | Shelving location | Date acquired | Full call number | Accession Number | Koha item type |
|---|---|---|---|---|---|---|---|---|
| Methodist University Library Main | Methodist University Library Main | General Stacks | 26/01/2011 | PE1479 .M36 | 32848 | Books | ||
| Methodist University Library Main | Methodist University Library Main | General Stacks | 26/01/2011 | PE1479 .M36 | 32621 | Books |